[Event "EU-Cup 31st"]
[Site "Skopje"]
[Date "2015.10.19"]
[Round "2.1"]
[White "Arat, Ufuk Sezen"]
[Black "Williams, Howard"]
[Result "1-0"]
[WhiteElo "2427"]
[BlackElo "2317"]
[PlyCount "51"]
[EventDate "2015.10.18"]
[EventType "team-swiss"]
[EventRounds "7"]
[EventCountry "MKD"]
[SourceTitle "CBM 169"]
[Source "ChessBase"]
[SourceDate "2015.11.10"]
[SourceVersion "1"]
[SourceVersionDate "2015.11.10"]
[SourceQuality "1"]
[WhiteTeam "Basiktas"]
[BlackTeam "Cardigan"]
[WhiteTeamCountry "TUR"]
[BlackTeamCountry "WLS"]

1. d4 Nf6 2. c4 e6 3. g3 Bb4+ 4. Bd2 Be7 5. Nf3 d5 6. Bg2 0-0 7. 0-0 Nbd7 8. Qc2 c6 9. Bf4 b6 10. Rd1 Bb7 11. Nc3 Rc8 12. Ne5 b5 13. Qb3 b4 14. Na4 Ba6 15. Rac1 Nxe5 16. dxe5 Bxc4 17. Qxc4 dxc4 18. Rxd8 Rfxd8 19. exf6 gxf6 20. e4 c5 21. Bf1 Rd4 22. Rxc4 Rd1 23. b3 Ra1 24. Rc2 c4 25. bxc4 Rc6 26. c5 1-0

[Event "EU-Cup 31st"]
[Site "Skopje"]
[Date "2015.10.18"]
[Round "1.1"]
[White "Baron, Tal"]
[Black "Williams, Howard"]
[Result "1-0"]
[WhiteElo "2541"]
[BlackElo "2317"]
[PlyCount "65"]
[EventDate "2015.10.18"]
[EventType "team-swiss"]
[EventRounds "7"]
[EventCountry "MKD"]
[SourceTitle "CBM 169"]
[Source "ChessBase"]
[SourceDate "2015.11.10"]
[SourceVersion "1"]
[SourceVersionDate "2015.11.10"]
[SourceQuality "1"]
[WhiteTeam "Rishon Le Zion"]
[BlackTeam "Cardigan"]
[WhiteTeamCountry "ISR"]
[BlackTeamCountry "WLS"]

1. d4 Nf6 2. c4 e6 3. Nc3 Bb4 4. f3 d5 5. a3 Bxc3+ 6. bxc3 c5 7. cxd5 exd5 8. e3 Qc7 9. Ne2 0-0 10. Nf4 Re8 11. Kf2 Nbd7 12. g4 Nb6 13. h4 Be6 14. Bd3 Nfd7 15. a4 Nf8 16. Ba3 Nbd7 17. g5 b6 18. Qd2 Rac8 19. h5 Nb8 20. Qb2 Nc6 21. Rad1 Na5 22. h6 Nc4 23. Bxc4 dxc4 24. hxg7 Kxg7 25. Nh5+ Kh8 26. Qc2 f5 27. gxf6 Bf7 28. e4 Bg6 29. Qd2 Qf7 30. Qh6 Nd7 31. Nf4 Rg8 32. Rdg1 Nf8 33. e5 1-0

[Event "WLS-chT 1415"]
[Site "Cardiff"]
[Date "2015.05.10"]
[Round "7.1"]
[White "Williams, Howard"]
[Black "Strugnell, Carl"]
[Result "1/2-1/2"]
[WhiteElo "2317"]
[BlackElo "2270"]
[PlyCount "107"]
[EventDate "2014.10.19"]
[EventType "team-swiss"]
[EventRounds "7"]
[EventCountry "WLS"]
[SourceTitle "EXT 2016"]
[Source "ChessBase"]
[SourceDate "2015.10.08"]
[SourceVersion "1"]
[SourceVersionDate "2015.10.08"]
[SourceQuality "1"]

1. Nf3 Nf6 2. c4 Nc6 3. Nc3 e5 4. g3 d5 5. cxd5 Nxd5 6. d3 Nb6 7. Bg2 Be7 8. 0-0 0-0 9. Be3 Re8 10. Rc1 Bf8 11. Na4 Nd4 12. Nc5 Bxc5 13. Rxc5 Qd6 14. Rc1 c6 15. Nd2 Qb4 16. b3 Bg4 17. Re1 a5 18. Nc4 Nxc4 19. Rxc4 Qd6 20. Bxd4 exd4 21. Qd2 Be6 22. Rc2 a4 23. b4 a3 24. Bf3 Ra6 25. Rc5 Rea8 26. Rb1 f6 27. h4 Rb6 28. Qc2 Qe7 29. Kg2 Qf7 30. Ra5 Rxa5 31. bxa5 Ra6 32. Qc5 Qf8 33. Qxd4 Rxa5 34. Rxb7 Bxa2 35. Rd7 Bd5 36. Qb6 Bxf3+ 37. exf3 Ra8 38. Ra7 Rxa7 39. Qxa7 Qd6 40. d4 Kf8 41. Qa4 f5 42. Qa6 Ke7 43. Qa4 Kf6 44. Kg1 g6 45. Kg2 h6 46. Kg1 g5 47. hxg5+ hxg5 48. Kh2 f4 49. g4 Ke6 50. Qb3+ Qd5 51. Qxa3 Qxd4 52. Kg2 c5 53. Qa8 Qd5 54. Qg8+ 1/2-1/2

[Event "WLS-chT 1415"]
[Site "Cardiff"]
[Date "2015.04.12"]
[Round "6.13"]
[White "Heaven, Peter"]
[Black "Williams, Howard"]
[Result "0-1"]
[WhiteElo "2032"]
[BlackElo "2317"]
[PlyCount "66"]
[EventDate "2014.10.19"]
[EventType "team-swiss"]
[EventRounds "7"]
[EventCountry "WLS"]
[SourceTitle "EXT 2016"]
[Source "ChessBase"]
[SourceDate "2015.10.08"]
[SourceVersion "1"]
[SourceVersionDate "2015.10.08"]
[SourceQuality "1"]

1. e4 c5 2. Nf3 Nc6 3. d4 cxd4 4. Nxd4 Nf6 5. Nc3 d6 6. f4 g6 7. Be3 Bg7 8. Be2 0-0 9. Nb3 a5 10. a4 Be6 11. g4 d5 12. f5 Bc8 13. exd5 Nb4 14. Bf3 gxf5 15. g5 Ng4 16. Bxg4 fxg4 17. 0-0 Qd6 18. Bc5 Qg6 19. Qd2 Re8 20. Nb5 Nxc2 21. Rac1 b6 22. Qxc2 bxc5 23. Qxg6 hxg6 24. Nc7 Ba6 25. Nxa8 Bxf1 26. Nc7 Rc8 27. d6 exd6 28. Nd5 Rb8 29. Nxa5 Be2 30. Ne7+ Kf8 31. Nac6 Rxb2 32. a5 Bf3 33. a6 Bd4+ 0-1

[Event "Dyfed op 44th"]
[Site "Fishguard"]
[Date "2015.02.22"]
[Round "5"]
[White "Jones, Richard S"]
[Black "Williams, Howard"]
[Result "1/2-1/2"]
[WhiteElo "2405"]
[BlackElo "2305"]
[PlyCount "49"]
[EventDate "2015.02.20"]
[EventType "swiss"]
[EventRounds "5"]
[EventCountry "WLS"]
[SourceTitle "EXT 2018"]
[Source "ChessBase"]
[SourceDate "2017.10.13"]
[SourceVersion "1"]
[SourceVersionDate "2017.10.13"]
[SourceQuality "1"]

1. e4 e5 2. Nf3 Nc6 3. Bb5 a6 4. Ba4 d6 5. c3 Bd7 6. d4 Nf6 7. 0-0 Qe7 8. Re1 g6 9. Bg5 Bg7 10. Nbd2 h6 11. Bh4 0-0 12. Bxc6 Bxc6 13. dxe5 dxe5 14. Nc4 Qe6 15. Ncxe5 Nxe4 16. Nxc6 Qxc6 17. Nd4 Qd5 18. Nb3 Qf5 19. f3 Ng5 20. Bxg5 Qxg5 21. Qe2 a5 22. a4 Qd5 23. Qc2 Rfe8 24. Rad1 Qc6 25. Rxe8+ 1/2-1/2

[Event "Dyfed op 44th"]
[Site "Fishguard"]
[Date "2015.02.21"]
[Round "3"]
[White "Jones, Iolo Cerredig"]
[Black "Williams, Howard"]
[Result "1/2-1/2"]
[WhiteElo "2169"]
[BlackElo "2305"]
[PlyCount "89"]
[EventDate "2015.02.20"]
[EventType "swiss"]
[EventRounds "5"]
[EventCountry "WLS"]
[SourceTitle "EXT 2018"]
[Source "ChessBase"]
[SourceDate "2017.10.13"]
[SourceVersion "1"]
[SourceVersionDate "2017.10.13"]
[SourceQuality "1"]

1. d4 Nf6 2. c4 c5 3. d5 e5 4. Nc3 d6 5. e4 Be7 6. Nge2 Nh5 7. Ng3 Nf4 8. Nf5 g6 9. Nxe7 Qxe7 10. g3 Nh5 11. Be2 Ng7 12. 0-0 0-0 13. h4 Nd7 14. Bg5 f6 15. Bh6 a6 16. Qd2 f5 17. exf5 gxf5 18. Qg5 Nf6 19. Na4 Bd7 20. Nb6 Rae8 21. Nxd7 Nxd7 22. Bd1 Qxg5 23. Bxg5 Nf6 24. Bc2 Kf7 25. a4 a5 26. Ra3 b6 27. Rf3 Kg6 28. Ra1 h6 29. Bd2 Ne4 30. Be1 h5 31. Raa3 Nf6 32. Rab3 Nd7 33. Bd2 Rf7 34. Bg5 Ref8 35. Kg2 Rb8 36. Rfe3 Nf6 37. Rec3 Ne4 38. Bxe4 fxe4 39. Re3 Nf5 40. Rxe4 Nd4 41. Rd3 Rbf8 42. f4 Kf5 43. Rde3 Nc2 44. Re2 Nd4 45. R2e3 1/2-1/2

[Event "Dyfed op 44th"]
[Site "Fishguard"]
[Date "2015.02.21"]
[Round "2"]
[White "Williams, Howard"]
[Black "Bevan, Peter M"]
[Result "1-0"]
[WhiteElo "2305"]
[BlackElo "2025"]
[PlyCount "61"]
[EventDate "2015.02.20"]
[EventType "swiss"]
[EventRounds "5"]
[EventCountry "WLS"]
[SourceTitle "EXT 2018"]
[Source "ChessBase"]
[SourceDate "2017.10.13"]
[SourceVersion "1"]
[SourceVersionDate "2017.10.13"]
[SourceQuality "1"]

1. d4 e6 2. Nf3 Nf6 3. c4 Bb4+ 4. Nc3 0-0 5. e3 d5 6. Bd3 c5 7. 0-0 Nc6 8. a3 Bxc3 9. bxc3 dxc4 10. Bxc4 Qc7 11. Bb5 b6 12. Re1 Bb7 13. e4 Na5 14. Bd3 c4 15. Bb1 Nb3 16. Ra2 Nxc1 17. Qxc1 Bc6 18. Rae2 Ba4 19. Qg5 h6 20. Qh4 Qe7 21. d5 Qxa3 22. dxe6 fxe6 23. e5 Nd5 24. Qe4 Nf4 25. Qh7+ Kf7 26. Re4 Nd3 27. Bxd3 cxd3 28. Rf4+ Ke8 29. Qg6+ Kd8 30. Qxd3+ Kc7 31. Qd6+ 1-0

[Event "Dyfed op 44th"]
[Site "Fishguard"]
[Date "2015.02.20"]
[Round "1"]
[White "Wagner, Guy"]
[Black "Williams, Howard"]
[Result "0-1"]
[WhiteElo "1839"]
[BlackElo "2305"]
[PlyCount "80"]
[EventDate "2015.02.20"]
[EventType "swiss"]
[EventRounds "5"]
[EventCountry "WLS"]
[SourceTitle "EXT 2018"]
[Source "ChessBase"]
[SourceDate "2017.10.13"]
[SourceVersion "1"]
[SourceVersionDate "2017.10.13"]
[SourceQuality "1"]

1. Nf3 c5 2. c4 Nf6 3. g3 b6 4. Bg2 Bb7 5. b3 e6 6. 0-0 Be7 7. Bb2 0-0 8. e3 d5 9. d4 Nc6 10. Nc3 dxc4 11. bxc4 Na5 12. Qe2 cxd4 13. Rfd1 Nd7 14. exd4 Rc8 15. d5 exd5 16. Nxd5 Bxd5 17. cxd5 Nc4 18. Bd4 Bf6 19. Rac1 Re8 20. Qd3 Nd6 21. Rxc8 Qxc8 22. Bxf6 Nxf6 23. Nd4 Qc5 24. Nf5 Ng4 25. Qd4 Nxf5 26. Qxg4 g6 27. Qa4 Re2 28. Rf1 b5 29. Qa6 Nd6 30. Qc6 Rc2 31. Qxc5 Rxc5 32. f4 Kg7 33. Rf2 a5 34. Rb2 b4 35. Kf2 Rc3 36. Rd2 a4 37. Ke2 b3 38. axb3 axb3 39. Kd1 Nc4 40. Re2 b2 0-1

[Event "WLS-chT 1415"]
[Site "Cardiff"]
[Date "2015.01.18"]
[Round "4.1"]
[White "Williams, Howard"]
[Black "Zeidler, Sven P"]
[Result "1/2-1/2"]
[WhiteElo "2317"]
[BlackElo "2225"]
[PlyCount "50"]
[EventDate "2014.10.19"]
[EventType "team-swiss"]
[EventRounds "7"]
[EventCountry "WLS"]
[SourceTitle "EXT 2016"]
[Source "ChessBase"]
[SourceDate "2015.10.08"]
[SourceVersion "1"]
[SourceVersionDate "2015.10.08"]
[SourceQuality "1"]

1. d4 f5 2. g3 Nf6 3. Bg2 g6 4. Nf3 Bg7 5. c4 d6 6. 0-0 0-0 7. Nc3 c6 8. Rb1 a5 9. b3 Na6 10. Bb2 Bd7 11. d5 Nc5 12. Nd4 cxd5 13. cxd5 Rc8 14. e3 Qe8 15. Qe2 Qf7 16. Rfd1 Nce4 17. Rbc1 Rc5 18. Nxe4 fxe4 19. Rxc5 dxc5 20. Ne6 Bxe6 21. dxe6 Qxe6 22. Qc4 Qxc4 23. bxc4 b6 24. Bxf6 Rxf6 25. Bxe4 Rd6 1/2-1/2

[Event "WLS-chT 1415"]
[Site "Cardiff"]
[Date "2014.12.14"]
[Round "3.13"]
[White "Saunders, Robert"]
[Black "Williams, Howard"]
[Result "1/2-1/2"]
[WhiteElo "2112"]
[BlackElo "2317"]
[PlyCount "103"]
[EventDate "2014.10.19"]
[EventType "team-swiss"]
[EventRounds "7"]
[EventCountry "WLS"]
[SourceTitle "EXT 2016"]
[Source "ChessBase"]
[SourceDate "2015.10.08"]
[SourceVersion "1"]
[SourceVersionDate "2015.10.08"]
[SourceQuality "1"]

1. e4 c5 2. Nc3 Nc6 3. g3 g6 4. Bg2 Bg7 5. d3 d6 6. Be3 e5 7. Qd2 Nge7 8. f4 0-0 9. Nf3 Nd4 10. 0-0 exf4 11. Bxf4 Nxf3+ 12. Bxf3 Qb6 13. Rab1 Be6 14. a3 Rae8 15. Kg2 Qd8 16. b4 Qd7 17. Kh1 b6 18. bxc5 dxc5 19. Bh6 Nc6 20. Bxg7 Kxg7 21. Ne2 Ne5 22. Qc3 f6 23. Bg2 g5 24. d4 cxd4 25. Qxd4 Rd8 26. Rfd1 Qc8 27. Qa4 Bg4 28. Rxd8 Rxd8 29. Nd4 Qc5 30. Nf5+ Bxf5 31. exf5 b5 32. Qb4 Qxb4 33. axb4 Rd2 34. Be4 Rd4 35. Bb7 Rc4 36. Rb2 Kf8 37. Kg2 Ke7 38. Ba6 Nc6 39. Bxb5 Rxb4 40. Rxb4 Nxb4 41. Ba4 Nd5 42. Kf3 a5 43. Bc6 Kd6 44. Be8 Kc5 45. Ke4 Nc3+ 46. Kd3 Kb4 47. Kd4 a4 48. Bxa4 Nxa4 49. Kd5 Nc5 50. g4 Kb5 51. c3 h6 52. c4+ 1/2-1/2

[Event "WLS-chT 1415"]
[Site "Cardiff"]
[Date "2014.11.23"]
[Round "2.1"]
[White "Williams, Howard"]
[Black "Brown, Thomas"]
[Result "1/2-1/2"]
[WhiteElo "2317"]
[BlackElo "2048"]
[PlyCount "61"]
[EventDate "2014.10.19"]
[EventType "team-swiss"]
[EventRounds "7"]
[EventCountry "WLS"]
[SourceTitle "EXT 2016"]
[Source "ChessBase"]
[SourceDate "2015.10.08"]
[SourceVersion "1"]
[SourceVersionDate "2015.10.08"]
[SourceQuality "1"]

1. d4 Nf6 2. c4 c5 3. d5 e6 4. Nc3 exd5 5. cxd5 d6 6. Nf3 g6 7. e4 Bg7 8. Be2 0-0 9. 0-0 Re8 10. Nd2 a6 11. a4 Nbd7 12. Ra3 Rb8 13. a5 b5 14. axb6 Rxb6 15. Nc4 Nxe4 16. Nxb6 Qxb6 17. Bf3 Nxc3 18. bxc3 Ne5 19. Be2 c4 20. Qa4 Qb5 21. Be3 Bf5 22. Qxa6 Qxd5 23. Ra5 Qe6 24. Rd1 Nd3 25. Rxf5 gxf5 26. Bxd3 cxd3 27. Qxd3 Be5 28. f4 Bxc3 29. Qxc3 Qxe3+ 30. Qxe3 Rxe3 31. Rxd6 1/2-1/2

[Event "WLS-chT 1415"]
[Site "Cardiff"]
[Date "2014.10.19"]
[Round "1.1"]
[White "Davis, Lee"]
[Black "Williams, Howard"]
[Result "0-1"]
[WhiteElo "1967"]
[BlackElo "2317"]
[PlyCount "150"]
[EventDate "2014.10.19"]
[EventType "team-swiss"]
[EventRounds "7"]
[EventCountry "WLS"]
[SourceTitle "EXT 2016"]
[Source "ChessBase"]
[SourceDate "2015.10.08"]
[SourceVersion "1"]
[SourceVersionDate "2015.10.08"]
[SourceQuality "1"]

1. d4 Nf6 2. g3 d5 3. Bg2 c6 4. Nf3 Bf5 5. 0-0 e6 6. c4 Nbd7 7. b3 Be7 8. Bb2 0-0 9. Nc3 Ne4 10. Nd2 Nxc3 11. Bxc3 Nf6 12. f3 c5 13. e3 Bd3 14. Re1 Rc8 15. Bf1 Bxf1 16. Kxf1 dxc4 17. Nxc4 Nd5 18. Bb2 cxd4 19. Bxd4 b5 20. Ne5 f6 21. Ng4 e5 22. Bb2 Nb4 23. Rc1 Rxc1 24. Bxc1 Nxa2 25. Bb2 Nb4 26. Qe2 Qd3 27. Rd1 Qxe2+ 28. Kxe2 Rd8 29. Nf2 Rxd1 30. Nxd1 Kf7 31. e4 Ke6 32. Ne3 g6 33. f4 exf4 34. gxf4 f5 35. Kf3 Nd3 36. Bd4 a5 37. Nd5 a4 38. Nc7+ Kd7 39. Nxb5 axb3 40. Nc3 Bb4 41. Nb1 Ke6 42. Ke3 Ne1 43. exf5+ Kxf5 44. Bb2 Bc5+ 45. Ke2 Nc2 46. Nd2 Bd4 47. Bxd4 Nxd4+ 48. Kd3 Ne6 49. Nxb3 Kxf4 50. Ke2 Kg4 51. Nd2 Kh3 52. Nf3 Kg2 53. h4 Kg3 54. Ke3 Ng7 55. Ke4 Kg4 56. Ng5 h6 57. Nf7 Nf5 58. Ke5 Kxh4 59. Kf6 Kh5 60. Ne5 Nh4 61. Kg7 g5 62. Nd3 g4 63. Nf4+ Kg5 64. Ne6+ Kf5 65. Nd4+ Ke4 66. Ne2 Nf5+ 67. Kg6 Nd4 68. Ng3+ Kf3 69. Nh5 Ne2 70. Kxh6 Nf4 71. Ng7 Ke4 72. Kg5 g3 73. Nf5 g2 74. Ng3+ Kf3 75. Ne2 Nxe2 0-1

[Event "WLS-ch 60th"]
[Site "Cardiff"]
[Date "2014.04.21"]
[Round "7"]
[White "Kelly, Paul J"]
[Black "Williams, Howard"]
[Result "0-1"]
[WhiteElo "1906"]
[BlackElo "2329"]
[PlyCount "84"]
[EventDate "2014.04.18"]
[EventType "swiss"]
[EventRounds "7"]
[EventCountry "WLS"]
[SourceTitle "CBM 160 Extra"]
[Source "ChessBase"]
[SourceDate "2014.07.01"]
[SourceVersion "1"]
[SourceVersionDate "2014.07.01"]
[SourceQuality "1"]

1. e4 Nf6 2. e5 Nd5 3. Bc4 Nb6 4. Bb3 d5 5. d4 Bf5 6. h4 h5 7. Ne2 e6 8. Ng3 Bg6 9. Bg5 Be7 10. Bxe7 Qxe7 11. Nd2 c5 12. c3 cxd4 13. cxd4 Nc6 14. Nf3 Qb4+ 15. Kf1 Be4 16. a3 Bxf3 17. axb4 Bxd1 18. Rxd1 Nxb4 19. Ke2 g6 20. Rc1 Kd7 21. Nf1 a5 22. Nd2 a4 23. Bc2 Rhc8 24. Bd3 Nxd3 25. Kxd3 Rxc1 26. Rxc1 a3 27. b3 Nc8 28. Ra1 b5 29. Kc3 Ne7 30. b4 Nc6 31. Nb3 Ke7 32. Nc5 a2 33. Nb3 Ra4 34. Na5 Nxb4 35. Kb3 Nd3 36. Nb7 Nxf2 37. Rxa2 Rxa2 38. Kxa2 Ng4 39. Nd6 Ne3 40. g3 Nf1 41. Nxb5 Nxg3 42. Kb3 Nf5 0-1

[Event "WLS-ch 60th"]
[Site "Cardiff"]
[Date "2014.04.21"]
[Round "6"]
[White "Williams, Howard"]
[Black "Varley, Peter"]
[Result "1/2-1/2"]
[WhiteElo "2329"]
[BlackElo "2232"]
[PlyCount "54"]
[EventDate "2014.04.18"]
[EventType "swiss"]
[EventRounds "7"]
[EventCountry "WLS"]
[SourceTitle "CBM 160 Extra"]
[Source "ChessBase"]
[SourceDate "2014.07.01"]
[SourceVersion "1"]
[SourceVersionDate "2014.07.01"]
[SourceQuality "1"]

1. d4 e6 2. Nf3 Nf6 3. c4 b6 4. Nc3 Bb4 5. Bg5 h6 6. Bh4 Bb7 7. e3 0-0 8. Bd3 d5 9. cxd5 exd5 10. 0-0 Nbd7 11. Ne5 Be7 12. f4 Ne4 13. Nxe4 dxe4 14. Bxe7 Qxe7 15. Bc4 Nxe5 16. fxe5 c5 17. Qb3 cxd4 18. exd4 Rad8 19. Rad1 Kh8 20. Qe3 f5 21. exf6 Rxf6 22. Rxf6 Qxf6 23. d5 Qf5 24. Qd4 Qg6 25. Re1 Re8 26. Bb5 Rd8 27. Bc4 Re8 1/2-1/2

[Event "WLS-ch 60th"]
[Site "Cardiff"]
[Date "2014.04.20"]
[Round "5"]
[White "Turner, Joseph David"]
[Black "Williams, Howard"]
[Result "0-1"]
[WhiteElo "2011"]
[BlackElo "2329"]
[PlyCount "86"]
[EventDate "2014.04.18"]
[EventType "swiss"]
[EventRounds "7"]
[EventCountry "WLS"]
[SourceTitle "CBM 160 Extra"]
[Source "ChessBase"]
[SourceDate "2014.07.01"]
[SourceVersion "1"]
[SourceVersionDate "2014.07.01"]
[SourceQuality "1"]

1. e4 Nf6 2. e5 Nd5 3. Nf3 d6 4. Bc4 c6 5. d4 Bf5 6. Nc3 e6 7. 0-0 Nxc3 8. bxc3 d5 9. Be2 Be7 10. a4 0-0 11. Rb1 b6 12. h3 Nd7 13. g4 Bg6 14. Nh2 f6 15. f4 fxe5 16. fxe5 Rxf1+ 17. Nxf1 c5 18. Ne3 Rc8 19. Bd3 Nf8 20. Qf1 Bxd3 21. Qxd3 Ng6 22. Qa6 cxd4 23. cxd4 Bh4 24. Bd2 Bg5 25. a5 Bxe3+ 26. Bxe3 Rxc2 27. Qd3 Rc6 28. Qb5 Qc8 29. Qa4 h6 30. axb6 axb6 31. Qa7 Kh7 32. Rxb6 Rc1+ 33. Bxc1 Qxc1+ 34. Kf2 Qd2+ 35. Kf1 Nf4 36. Qa6 Nd3 37. Kg1 Qf2+ 38. Kh1 Nf4 39. Rb2 Qxb2 40. Qf1 Qxd4 41. h4 Qe4+ 42. Kh2 Qxe5 43. Qb1+ Qe4 0-1

[Event "WLS-ch 60th"]
[Site "Cardiff"]
[Date "2014.04.19"]
[Round "3"]
[White "James, David J"]
[Black "Williams, Howard"]
[Result "1/2-1/2"]
[WhiteElo "2169"]
[BlackElo "2329"]
[PlyCount "33"]
[EventDate "2014.04.18"]
[EventType "swiss"]
[EventRounds "7"]
[EventCountry "WLS"]
[SourceTitle "CBM 160 Extra"]
[Source "ChessBase"]
[SourceDate "2014.07.01"]
[SourceVersion "1"]
[SourceVersionDate "2014.07.01"]
[SourceQuality "1"]

1. d4 Nf6 2. c4 e6 3. Nc3 Bb4 4. Qc2 d6 5. Nf3 Nbd7 6. Bd2 0-0 7. a3 Bxc3 8. Bxc3 Re8 9. g3 e5 10. Bg2 c6 11. dxe5 dxe5 12. Nd2 Qc7 13. 0-0 Nf8 14. Ne4 Nxe4 15. Bxe4 Bh3 16. Rfd1 Rad8 17. Rxd8 1/2-1/2

[Event "WLS-ch 60th"]
[Site "Cardiff"]
[Date "2014.04.19"]
[Round "4"]
[White "Williams, Howard"]
[Black "Pleasants, Allan J"]
[Result "1/2-1/2"]
[WhiteElo "2329"]
[BlackElo "2045"]
[PlyCount "64"]
[EventDate "2014.04.18"]
[EventType "swiss"]
[EventRounds "7"]
[EventCountry "WLS"]
[SourceTitle "CBM 160 Extra"]
[Source "ChessBase"]
[SourceDate "2014.07.01"]
[SourceVersion "1"]
[SourceVersionDate "2014.07.01"]
[SourceQuality "1"]

1. d4 Nf6 2. c4 c5 3. d5 b5 4. Nf3 d6 5. cxb5 a6 6. b6 Nbd7 7. Nc3 g6 8. a4 Qxb6 9. a5 Qb8 10. e4 Bg7 11. Be2 0-0 12. 0-0 Ne8 13. Nd2 Nc7 14. Nc4 Nb5 15. Na4 Nd4 16. Nab6 Ra7 17. Be3 f5 18. exf5 gxf5 19. f4 Nxe2+ 20. Qxe2 Nf6 21. Kh1 Rc7 22. Rad1 Bb7 23. b4 cxb4 24. Bd4 Qe8 25. Ne3 Qg6 26. Qb2 e6 27. Qxb4 Nxd5 28. Nbxd5 Bxd5 29. Nxd5 exd5 30. Rd3 Rc4 31. Qb7 Qf7 32. Qxf7+ Rxf7 1/2-1/2

[Event "WLS-ch 60th"]
[Site "Cardiff"]
[Date "2014.04.18"]
[Round "1"]
[White "Van Kemenade, Rudy"]
[Black "Williams, Howard"]
[Result "0-1"]
[WhiteElo "2001"]
[BlackElo "2329"]
[PlyCount "100"]
[EventDate "2014.04.18"]
[EventType "swiss"]
[EventRounds "7"]
[EventCountry "WLS"]
[SourceTitle "CBM 160 Extra"]
[Source "ChessBase"]
[SourceDate "2014.07.01"]
[SourceVersion "1"]
[SourceVersionDate "2014.07.01"]
[SourceQuality "1"]

1. f4 d5 2. Nf3 g6 3. g3 Bg7 4. Bg2 Nf6 5. d3 0-0 6. 0-0 c5 7. c3 Nc6 8. Qe1 b6 9. Na3 Ba6 10. h3 e6 11. g4 Rc8 12. Bd2 Qe7 13. Qg3 c4 14. d4 Ne4 15. Qe1 f6 16. Nc2 Bb7 17. Rd1 Rcd8 18. Be3 b5 19. Nd2 f5 20. Nf3 a5 21. Ne5 b4 22. Bxe4 fxe4 23. Qg3 b3 24. axb3 cxb3 25. Na3 Qc7 26. Rf2 Ba6 27. Rdf1 Nxe5 28. dxe5 g5 29. fxg5 Bxe5 30. Rxf8+ Rxf8 31. Rxf8+ Kxf8 32. Qf2+ Qf7 33. Bd4 Qxf2+ 34. Kxf2 Bd6 35. Nb1 a4 36. Be3 Kf7 37. h4 e5 38. Bb6 Bc8 39. Kg3 Ba6 40. Kf2 Bc8 41. Kg3 d4 42. Kf2 d3 43. exd3 exd3 44. Ke3 Bxg4 45. c4 Bb4 46. c5 Bf5 47. c6 d2 48. Nxd2 Bxd2+ 49. Kxd2 a3 50. bxa3 b2 0-1

[Event "WLS-ch 60th"]
[Site "Cardiff"]
[Date "2014.04.18"]
[Round "2"]
[White "Williams, Howard"]
[Black "Brown, Thomas"]
[Result "1/2-1/2"]
[WhiteElo "2329"]
[BlackElo "2086"]
[PlyCount "41"]
[EventDate "2014.04.18"]
[EventType "swiss"]
[EventRounds "7"]
[EventCountry "WLS"]
[SourceTitle "CBM 160 Extra"]
[Source "ChessBase"]
[SourceDate "2014.07.01"]
[SourceVersion "1"]
[SourceVersionDate "2014.07.01"]
[SourceQuality "1"]

1. Nf3 d5 2. d4 Nf6 3. c4 c6 4. e3 a6 5. Nbd2 g6 6. Bd3 Bg7 7. 0-0 0-0 8. Qe2 Bg4 9. h3 Bxf3 10. Nxf3 Nbd7 11. Rd1 Qc7 12. cxd5 cxd5 13. Bd2 Rfc8 14. a4 a5 15. Rac1 Qd8 16. Bb5 Ne4 17. Be1 Rxc1 18. Rxc1 Nd6 19. b4 axb4 20. Bxb4 Nb6 21. a5 1/2-1/2

[Event "EU-chT (Men) 18th"]
[Site "Porto Carras"]
[Date "2011.11.10"]
[Round "8.1"]
[White "Yilmaz, Mustafa"]
[Black "Williams, Howard"]
[Result "1/2-1/2"]
[WhiteElo "2515"]
[BlackElo "2353"]
[PlyCount "120"]
[EventDate "2011.11.03"]
[EventType "team-swiss"]
[EventRounds "9"]
[EventCountry "GRE"]
[SourceTitle "CBM 146"]
[Source "ChessBase"]
[SourceDate "2012.01.18"]
[SourceVersion "1"]
[SourceVersionDate "2012.01.18"]
[SourceQuality "1"]
[WhiteTeam "Turkey"]
[BlackTeam "Wales"]
[WhiteTeamCountry "TUR"]
[BlackTeamCountry "WLS"]

1. d4 Nf6 2. c4 e6 3. Nf3 b6 4. g3 Bb7 5. Bg2 Bb4+ 6. Nbd2 0-0 7. 0-0 d5 8. cxd5 exd5 9. Ne5 Be7 10. b3 c5 11. Bb2 Nc6 12. Nxc6 Bxc6 13. Rc1 Nd7 14. e4 dxe4 15. Nxe4 Bxe4 16. Bxe4 Rc8 17. Bf5 Bf6 18. Qg4 Rc7 19. Rfd1 g6 20. Bxd7 Qxd7 21. Qf4 Qe7 22. Re1 Qd8 23. Rc2 Re7 24. Rxe7 Qxe7 25. dxc5 Bxb2 26. Rxb2 Qxc5 27. Rd2 Re8 28. h4 Qc6 29. Kh2 h5 30. Rd6 Qe4 31. Rd8 Qe7 32. Rd4 Qe5 33. Rd8 Qe7 34. Rxe8+ Qxe8 35. a4 Qe6 36. b4 a6 37. Qb8+ Kg7 38. Qb7 Qf6 39. Kg2 Qd4 40. a5 bxa5 41. bxa5 Qc4 42. Qb2+ Kg8 43. Qe5 Qc6+ 44. Kf1 Qc4+ 45. Kg1 Qc1+ 46. Kg2 Qc6+ 47. Kh2 Qc4 48. Qe1 Kg7 49. Qa1+ Kg8 50. Kg1 Qc5 51. Qa4 Kg7 52. Kf1 Qe5 53. Qb4 Qd5 54. Ke2 Kh7 55. Ke3 Qe5+ 56. Kd2 Qd5+ 57. Kc1 Qd3 58. Qc5 Kg8 59. Kb2 Kh7 60. Qb6 Kg7 1/2-1/2

[Event "EU-chT (Men) 18th"]
[Site "Porto Carras"]
[Date "2011.11.09"]
[Round "7.1"]
[White "Williams, Howard"]
[Black "Berend, Fred"]
[Result "1-0"]
[WhiteElo "2353"]
[BlackElo "2381"]
[PlyCount "125"]
[EventDate "2011.11.03"]
[EventType "team-swiss"]
[EventRounds "9"]
[EventCountry "GRE"]
[SourceTitle "CBM 146"]
[Source "ChessBase"]
[SourceDate "2012.01.18"]
[SourceVersion "1"]
[SourceVersionDate "2012.01.18"]
[SourceQuality "1"]
[WhiteTeam "Wales"]
[BlackTeam "Luxembourg"]
[WhiteTeamCountry "WLS"]
[BlackTeamCountry "LUX"]

1. Nf3 Nf6 2. c4 g6 3. Nc3 Bg7 4. d4 0-0 5. e4 d6 6. Be2 Bg4 7. Be3 Nfd7 8. Rc1 a6 9. Ng1 Bxe2 10. Ngxe2 c5 11. 0-0 Nc6 12. b3 cxd4 13. Nxd4 Qa5 14. Nd5 Rfe8 15. b4 Qd8 16. a3 e6 17. Nxc6 bxc6 18. Nc3 Qh4 19. f4 Rad8 20. Qf3 Qe7 21. Rfe1 c5 22. bxc5 Nxc5 23. Bxc5 Bxc3 24. Qxc3 dxc5 25. Rcd1 Rd7 26. Rxd7 Qxd7 27. Qe3 Qd6 28. e5 Qc6 29. Qd3 Kg7 30. Rb1 Qc7 31. Qd6 Qa5 32. Qd7 Rb8 33. Rd1 Qxa3 34. Qd3 Qb2 35. Qd6 Qb3 36. Qd3 Qb4 37. Qd6 a5 38. Qe7 Rf8 39. h3 Qb6 40. Kh2 h6 41. Rd6 Qb8 42. Rxe6 Qd8 43. Qf6+ Qxf6 44. exf6+ Kh7 45. Ra6 Rc8 46. Ra7 Kg8 47. Rxa5 Rc6 48. Kg3 h5 49. Kf3 Rxf6 50. Rxc5 Ra6 51. Re5 Ra1 52. Ke4 Rg1 53. Kd5 Rxg2 54. Kd6 Rf2 55. c5 Rxf4 56. c6 Rd4+ 57. Rd5 Ra4 58. c7 Ra8 59. Ke5 Kg7 60. Rd8 Ra5+ 61. Kd4 Ra4+ 62. Kd3 Ra3+ 63. Kc2 1-0